Statistics for Blue Oyster Cult Members

Click here to take the quiz!

General Stats

  • This quiz has been taken 23 times
  • The average score is 8 of 15

Answer Stats

HintAnswer% Correct
Lead Guitar and vocalistBuck Dharma, Donald Roeser
100%
Original Keyboards/ Guitar/ VocalsAllen Lanier
89%
Vocalist/ Master of the Stun Guitar and now sometimes keysEric Bloom,
89%
Original Drums/ VocalsAlbert Bouchard
79%
Original Bass/ VocalsJoe Bouchard
79%
Recorded drums on The Revolution by Night- The first replacement memberRick Downey
58%
Famous bassist who played for many bands like Quiet Riot and Ozzy before touring for BOCRudy Sarzo
58%
Famous Drummer played with Rainbow, but also on Curse of the Hidden MirrorBobby Rondinelli
47%
Bass player who jammed on Curse of the Hidden Mirror and Heaven ForbidDanny Miranda
42%
Current drummer for the bandJules Radino
32%
Current Touring BassmanKasim Sultan
32%
Touring musician who played bass, keys, rhythm and lead guitar for the bandRichie Castellano
32%
Drummer did three stints in BOC and played on Heaven ForbidChuck Burgi
26%
Drummer on the Club Ninja recordJimmy Wilcox
21%
Bassist on Club NinjaJon Rogers
16%

Score Distribution

Percentile by Number Answered

Percent of People with Each Score

Your Score History

You have not taken this quiz